América Latina: el rol político e histórico de la iglesia /

Salvato in:
Dettagli Bibliografici
Autore principale: Richard, Pablo
Natura: testo
Tags: Aggiungi Tag
Nessun Tag, puoi essere il primo ad aggiungerne!!

MARC

LEADER 00000 a a2200000 04500
001 10947
003
040
100 |a Richard, Pablo  
245 |a América Latina:   |b el rol político e histórico de la iglesia /  |c Pablo Richard 
773 |g número 36; páginas 14-23  
999 |c 33922  |d 33922